Normal view
MARC view
- Fencheng yang
Entry Personal Name
001 - CONTROL NUMBER
- control field: 15020
003 - CONTROL NUMBER IDENTIFIER
- control field: NUST
005 - DATE AND TIME OF LATEST TRANSACTION
- control field: 20190618113103.0
008 - FIXED-LENGTH DATA ELEMENTS
- fixed length control field: 190618|| aca||aabn | a|a d
040 ## - CATALOGING SOURCE
- Original cataloging agency: NUST
- Transcribing agency: NUST
100 ## - HEADING--PERSONAL NAME
- Personal name: Fencheng yang
670 ## - SOURCE DATA FOUND
- Source citation: Work cat.: (NUST): Fencheng yang , the new stage of the comprehensive and strict governance of the party , 2017
